000 00559cam a2200217ua 4500
001 5008
005 20260515113825.0
008 120301n ii |||gr||||Z||||||eng
020 _a81-250-1850-6
040 _cMAIN
082 _a821
100 _aMilton, John,
_eAuthor,
245 1 1 _aParadise lost book I & II
_cby John Milton
250 _a1st.
260 _aHyderabad:
_bOrient longman limited,
_c2000.
300 _a123p:
_c23cm.
653 _aEnglish poetry
700 _aNabar, Vrinda,
_eEditor,
700 _aEzekiel, Nissim,
_eEditor,
942 _cBK
999 _c4188
_d4188